| 000 | 00383nam a2200157 4500 | ||
|---|---|---|---|
| 020 | _a9780273793281 | ||
| 082 | _a005.2618 DEI | ||
| 100 | _aDeitel,Paul, Deitel Harvey, Deitel Abbey | ||
| 245 | _aVisual Basic | ||
| 250 | _a16th | ||
| 260 |
_aLONDON _bLicensing Agency Ltd _c2014 |
||
| 300 |
_a679p _b:ill,;23cm |
||
| 500 | _ainclude index | ||
| 650 | _aVisual Basic | ||
| 942 | _cBK | ||
| 999 |
_c12377 _d12377 |
||